Most-Guessed Cities in US States - Statistics

General Stats
  • This quiz has been taken 24 times
  • The average score is 91 of 150
Answer Stats
Rank in State State City Percent Guessed % Correct
1 California Los Angeles 100%
100%
1 Georgia Atlanta 100%
95%
1 Massachusetts Boston 100%
95%
1 Illinois Chicago 100%
95%
1 Colorado Denver 100%
91%
1 Nevada Las Vegas 100%
91%
2 California San Diego 94%
91%
1 Texas Houston 98%
86%
2 Florida Miami 99%
86%
1 Minnesota Minneapolis 100%
86%
4 Texas Austin 95%
82%
1 Idaho Boise 100%
82%
1 Ohio Columbus 97%
82%
3 Texas Dallas 98%
82%
1 Michigan Detroit 99%
82%
1 Indiana Indianapolis 99%
82%
2 Tennessee Memphis 96%
82%
1 Tennessee Nashville 99%
82%
1 Louisiana New Orleans 99%
82%
1 New York New York 99%
82%
1 Oklahoma Oklahoma City 100%
82%
1 Pennsylvania Philadelphia 99%
82%
1 Arizona Phoenix 100%
82%
1 Oregon Portland 99%
82%
1 Maine Portland 94%
82%
4 California San Francisco 97%
82%
2 Oklahoma Tulsa 96%
82%
1 New Mexico Albuquerque 99%
77%
1 Alaska Anchorage 97%
77%
2 Louisiana Baton Rouge 96%
77%
3 Ohio Cincinnati 95%
77%
1 Iowa Des Moines 99%
77%
1 Hawai'i Honolulu 99%
77%
1 Mississippi Jackson 99%
77%
4 Virginia Richmond 96%
77%
6 California Sacramento 89%
77%
1 Washington Seattle 100%
77%
3 Florida Tampa 92%
77%
1 Maryland Baltimore 99%
73%
1 West Virginia Charleston 99%
73%
1 South Carolina Charleston 97%
73%
1 North Carolina Charlotte 95%
73%
2 Ohio Cleveland 97%
73%
1 Missouri Kansas City 95%
73%
3 Kansas Kansas City 94%
73%
1 Arkansas Little Rock 99%
73%
1 Rhode Island Providence 100%
73%
2 Missouri Saint Louis 97%
73%
1 Utah Salt Lake City 100%
73%
4 New Mexico Santa Fe 95%
73%
6 New York Albany 90%
68%
2 Alabama Birmingham 97%
68%
2 New York Buffalo 91%
68%
1 Wyoming Cheyenne 98%
68%
2 South Carolina Columbia 95%
68%
1 Wisconsin Milwaukee 97%
68%
4 Alabama Mobile 93%
68%
1 Nebraska Omaha 99%
68%
2 Pennsylvania Pittsburgh 95%
68%
2 North Carolina Raleigh 96%
68%
2 Minnesota Saint Paul 97%
68%
3 Oregon Salem 89%
68%
5 Kansas Topeka 93%
68%
1 North Dakota Fargo 96%
64%
5 Texas Fort Worth 85%
64%
2 Kentucky Lexington 93%
64%
1 Kentucky Louisville 98%
64%
2 Wisconsin Madison 94%
64%
3 Alabama Montgomery 96%
64%
1 Kansas Wichita 95%
64%
5 Ohio Akron 80%
59%
12 Maine Augusta 88%
59%
6 Nevada Carson City 88%
59%
6 Texas El Paso 87%
59%
2 Alaska Fairbanks 78%
59%
9 Pennsylvania Harrisburg 82%
59%
4 Connecticut Hartford 97%
59%
6 Montana Helena 95%
59%
1 Florida Jacksonville 90%
59%
3 Tennessee Knoxville 79%
59%
6 Michigan Lansing 86%
59%
2 Nebraska Lincoln 99%
59%
11 South Dakota Pierre 91%
59%
4 Nevada Reno 95%
59%
2 Texas San Antonio 90%
59%
3 California San Jose 82%
59%
5 Georgia Savannah 88%
59%
2 Arizona Tucson 90%
59%
2 North Dakota Bismarck 96%
55%
2 Iowa Cedar Rapids 85%
55%
2 Colorado Colorado Springs 89%
55%
2 Delaware Dover 97%
55%
5 Minnesota Duluth 83%
55%
3 Wisconsin Green Bay 87%
55%
3 Alaska Juneau 93%
55%
16 Vermont Montpelier 90%
55%
1 New Jersey Newark 93%
55%
24 Washington Olympia 78%
55%
1 South Dakota Sioux Falls 98%
55%
9 Florida Tallahassee 84%
55%
5 New Jersey Trenton 87%
55%
17 Maryland Annapolis 85%
50%
5 Michigan Ann Arbor 76%
50%
1 Montana Billings 94%
50%
1 Vermont Burlington 93%
50%
3 New Hampshire Concord 94%
50%
4 North Carolina Durham 78%
50%
14 Kentucky Frankfort 77%
50%
16 Missouri Jefferson City 76%
50%
1 New Hampshire Manchester 92%
50%
3 Connecticut New Haven 91%
50%
2 South Dakota Rapid City 86%
50%
2 Washington Spokane 83%
50%
6 Illinois Springfield 86%
50%
4 Ohio Toledo 82%
50%
1 Virginia Virginia Beach 94%
50%
2 Oregon Eugene 80%
45%
1 Alabama Huntsville 85%
45%
2 New Jersey Jersey City 84%
45%
3 New York Rochester 76%
45%
4 Iowa Sioux City 75%
45%
3 Washington Tacoma 78%
45%
12 Colorado Boulder 79%
41%
4 Montana Bozeman 76%
41%
1 Connecticut Bridgeport 87%
41%
2 Arkansas Fayetteville 77%
41%
4 Hawai'i Hilo 78%
41%
2 New Mexico Las Cruces 78%
41%
3 Virginia Norfolk 79%
41%
8 Utah Ogden 79%
41%
4 Utah Provo 88%
41%
3 Louisiana Shreveport 75%
41%
1 Delaware Wilmington 91%
41%
5 Mississippi Biloxi 78%
36%
2 Wyoming Casper 81%
36%
12 Indiana Gary 81%
36%
3 Arizona Mesa 76%
36%
14 South Carolina Myrtle Beach 76%
36%
3 Nevada North Las Vegas 81%
36%
5 Pennsylvania Erie 76%
32%
5 Iowa Iowa City 83%
32%
3 Iowa Davenport 77%
27%
6 South Carolina Greenville 76%
27%
2 Nevada Henderson 81%
27%
4 Idaho Idaho Falls 80%
27%
2 Montana Missoula 80%
27%
5 Alabama Tuscaloosa 76%
27%
3 Oklahoma Norman 75%
23%
4 West Virginia Morgantown 75%
18%
2 New Hampshire Nashua 75%
18%
No matching quizzes found
Score Distribution
Percent of People with Each Score
Percentile by Number Answered
Your Score History
You have not taken this quiz